000 00463nam a2200181Ia 4500
003 GCL
008 140319s9999 xx 000 0 eng d
040 _aGCL /
_cGCL
082 0 4 _a658.8
_bP P
100 1 _aPALMER, ADRIAN
245 1 0 _aPRINCIPLES OF SERVICES MARKETING /
_cPALMER, ADRIAN
260 _a[S.N] :
_bMC GRAW - HILL ،
_c1994
300 _a345 P
650 0 4 _aMANAGEMENT
650 0 4 _aMARKETING
650 0 4 _aSERVICE INDUSTRIES
942 _2ddc
_cBK
999 _c23683
_d23683